000 00730nam a2200253Ia 4500
003 OSt
005 20220928102732.0
006 a|||||r|||| 00| 0
007 ta
008 220927b |||||||| |||| 00| 0 san d
020 _c695
024 _a127237
037 _b4522, 24/11/2015, Meharchand Lachhmandas Publicaitons
_cTextual
040 _aSDCL
_cSDCL
_bsan
041 _2san
_asan
082 _aQ125:4x4,1, Q3
100 _aKirste J.
_9400105
245 0 _aGrhyasutra of hiranyakesin
260 _aDelhi
_c2013
300 _a177p
_ccm.
650 _aSanskrit
_9391587
942 _hQ125:4x4,1, Q3
_cTEXL
_2CC
999 _c716010
_d716010